| Поле | Инд. | ПП | Название | Значение |
|---|---|---|---|---|
| Тип записи | a | |||
| Библиографический уровень | b | |||
| 001 | Контрольный номер | 460ab3f468ea49c794a614bed8a464ac | ||
| 005 | Дата корректировки | 20190604140946.4 | ||
| 084 | a | Индекс другой классификации/Индекс ББК | 63.3(2)62 | |
| 090 | f | Сигла хранения (DOS) | чз | |
| 100 | 1_ | a | Автор | Гареев М. А. |
| 245 | 10 | a | Заглавие | Маньчжурская стратегическая наступательная операция советских вооруженных сил |
| 520 | 0_ | a | Аннотация | В статье президента Академии военных наук, доктора исторических и доктора военных наук генерала армии М. А. Гареева рассматривается история вступления СССР в войну против милитаристской Японии и победоносного завершения Второй мировой войны. Маньчжурская стратегическая наступательная операция, участником которой был автор, по оригинальности замысла и мастерству исполнения являлась одной из выдающихся в мировой военной истории: в ней нашел воплощение опыт военной мысли и военного искусства, накопленный Советскими Вооруженными силами за время Великой Отечественной войны |
| 653 | 0_ | a | Ключевые слова | Войны |
| a | Ключевые слова | Вторая мировая война 1939-1945 гг. | ||
| a | Ключевые слова | Маньчжурская операция | ||
| 773 | 18 | t | Название источника | Новая и новейшая история |
| d | Место и дата издания | 2015 | ||
| g | Прочая информация | № 6. - С. 3-13 | ||
| 901 | t | Тип документа | b |